Fermentačná produkcia intermediátov pre chemickú syntézu

Salvato in:
Dettagli Bibliografici
Autore principale: Janák, Miroslav (Autore)
Altri autori: Rebroš, Martin, 1979- (Relatore della tesi)
Natura: Manoscritto Libro
Lingua:slovacco
Pubblicazione: 2015
Soggetti:
Accesso online:http://is.stuba.sk/zp/portal_zp.pl?podrobnosti=103281
Tags: Aggiungi Tag
Nessun Tag, puoi essere il primo ad aggiungerne!!

MARC

LEADER 00000ntm a22000003a 4500
001 stuzp53256
003 SK-STU
005 20160719154429.6
007 ta
008 150427s2015----xo-----f-mn---000-0-slo-d
040 |a STU  |b slo 
041 0 |a slo 
100 1 |a Janák, Miroslav  |u 044310  |4 aut  |U FCHPT Ústav biotechnológie a potravinárstva  |T FCHPT Oddelenie biochemickej technológie  |X 58255  |U C4310  |Y 116  |7 58255 
242 0 1 |a Fermentative Production of Intermediates for Chemical Synthesis  |y eng 
245 1 0 |a Fermentačná produkcia intermediátov pre chemickú syntézu 
260 |c 2015 
650 4 |a 2,3-butándiol  |2 slo 
650 4 |a fermentácia  |2 slo 
650 4 |a Klebsiella sp.  |2 slo 
650 4 |a fermentation  |2 eng 
650 4 |a Klebsiella sp.  |2 eng 
650 4 |a 2,3-butanediol  |2 eng 
700 1 |a Rebroš, Martin,  |d 1979-  |4 ths  |X 4015  |7 A000004015 
856 4 |u http://is.stuba.sk/zp/portal_zp.pl?podrobnosti=103281 
SQL |a stuzp53256  |b DDP  |c SLO  |d Fermentačná produkcia intermediátov pre chemickú syntézu  |e 58255  |f Janák, Miroslav  |g 044310  |h 4015  |i Rebroš, Martin  |j 20150608  |k 560  |l 04  |m http://is.stuba.sk/zp/portal_zp.pl?podrobnosti=103281  |n I-BIOTE  |o 5.2.25. biotechnológie